№20; Геомагнитные исследования

Dettagli Bibliografici
Parent link:Геомагнитные исследования=Geomagnetic researches: [сборник]/ Академия наук СССР (АН СССР), Междуведомственный геофизический комитет при Президиуме АН СССР. № 20.— , [1964]-1988
Lingua:russo
Pubblicazione: 1977
Soggetti:
Natura: MixedMaterials Libro
KOHA link:https://koha.lib.tpu.ru/cgi-bin/koha/opac-detail.pl?biblionumber=345599

MARC

LEADER 00000nam2a2200000 4500
001 345599
005 20231102005807.0
035 |a (RuTPU)RU\TPU\book\377449 
035 |a RU\TPU\retro\13776 
090 |a 345599 
100 |a 20210202d1977 k y0rusy50 ca 
101 0 |a rus 
102 |a RU 
105 |a a z 001zy 
200 0 |a №20 
210 |d 1977 
215 |a 94 с.  |c ил. 
320 |a Библиография в конце статей 
461 1 |0 (RuTPU)RU\TPU\book\116344  |t Геомагнитные исследования  |l Geomagnetic researches  |o [сборник]  |f Академия наук СССР (АН СССР), Междуведомственный геофизический комитет при Президиуме АН СССР  |v № 20  |d [1964]-1988  |s Результаты исследований по международным геофизическим проектам 
606 1 |a Геомагнитные исследования  |2 stltpush  |3 (RuTPU)RU\TPU\subj\6157  |9 34113 
610 1 |a ионосфера 
610 1 |a электрические поля 
610 1 |a токовые системы 
610 1 |a магнитные бухты 
610 1 |a авроральные электроны 
610 1 |a магнитные суббури 
610 1 |a магнитосфера 
610 1 |a плазменные неустойчивости 
610 1 |a геомагнитные пульсации 
610 1 |a генерация 
610 1 |a полярные сияния 
610 1 |a геомагнитное поле 
610 1 |a плазмопауза 
675 |a 550.38  |v 4 
801 1 |a RU  |b 63413507  |c 20200722 
801 2 |a RU  |b 63413507  |c 20210202  |g RCR 
942 |c BK